[Event "Kazakhstan Cup Women 2020"]
[Site "Almaty"]
[Date "2020.12.11"]
[Round "1.1"]
[White "Abdildayeva, Laura"]
[Black "Nakhbayeva, Guliskhan"]
[Result "0-1"]
[WhiteElo "1845"]
[BlackElo "2328"]
[Annotator "TA"]
[PlyCount "92"]
[EventDate "2020.12.01"]
[EventType "tourn"]
[EventCountry "KAZ"]
[SourceTitle "playchess.com"]
[Source "ChessBase"]
[SourceQuality "1"]

{[%evp 9,92,0,0,0,0,0,0,-6,-10,-34,-18,-18,0,-57,17,-14,12,-60,-24,-69,-66,-65,-73,-91,0,0,10,-82,-82,-82,-82,-82,-85,-85,-85,-85,-85,-85,-85,-113,-29,-27,0,0,0,0,0,-38,-5,-3,0,0,-1,0,0,0,0,-184,-147,-177,-177,-148,-149,-725,-725,-717,-717,-717,-717,-708,-708,-708,-708,-708,-708,-691,-575,-824,-806,-787,-734,-591,-535,-6107,-6107]} 1. c4 Nf6 2. g3 e5 3. Bg2 c6 4. d4 e4 5. Nc3 Bb4 6. Qb3 {A20: English Opening: 1...e5.} Bxc3+ 7. Qxc3 O-O 8. Nh3 {[#] The position is equal.} d5 $146 ({Predecessor:} 8... h6 9. O-O d5 10. f3 Bf5 11. Nf2 Re8 12. fxe4 Nxe4 13. Nxe4 Bxe4 14. Bxe4 Rxe4 {0-1 (49) Desanlis,A (1854)-Gregoire,S (2280) Port Barcares 2005}) 9. O-O Bf5 10. Bg5 Nbd7 11. Qb3 (11. c5 $11) 11... b6 (11... h6 $15 12. Be3 Nb6) 12. Rfc1 h6 13. Bf4 (13. cxd5 $1 $11 cxd5 14. Bd2) 13... Be6 14. Qa4 dxc4 15. Qxc6 Rc8 16. Qa4 Qe7 (16... Re8 $17) 17. Bd2 $1 $11 ({Don't play} 17. Qxa7 g5 $17) 17... Nd5 18. Rxc4 (18. Bxe4 $11 N7f6 19. Bg2) 18... Rxc4 $17 19. Qxc4 Nf4 $1 {[%cal Rf4h3]} 20. Qb4 Nxh3+ ({Worse is} 20... Nxe2+ 21. Kf1 $16) 21. Bxh3 Qxb4 22. Bxb4 {Black must now prevent Bxe6.} Bxh3 23. Bxf8 Kxf8 24. f3 e3 ({Better is} 24... exf3 $17 25. exf3 Be6) 25. Rd1 $11 Bf5 26. g4 $1 {[%cal Rg4f5]} Bg6 27. Rc1 Nf6 $1 28. Rc7 a5 29. Rc6 Nd5 30. Rd6 $1 {[%cal Rd6d5]} Nf4 31. Kf1 Bc2 {aiming for ...Bd1.} 32. Ke1 $1 ({Wrong is} 32. Rxb6 $2 Bd1 $19) 32... Bb1 33. a3 $2 {[#]} (33. Rxb6 $11 Bxa2 34. Rb8+ Ke7 35. Ra8) 33... Ba2 $1 $19 {[%cal Ra2c4] Hoping for ...Bc4.} 34. Rxb6 Bc4 35. Rb8+ Ke7 {[%mdl 1024] Black has strong compensation.} 36. Ra8 $2 {[%mdl 8192] White does not recover from this.} (36. Rb7+ $17 Ke6 37. d5+ Kf6 38. Rb6+ Ke7 39. Rb7+ Kf6 40. Rb6+ Ke5 41. Rb7) 36... Bxe2 {Black is clearly winning.} 37. Rxa5 Bxf3 {( -> ...Nd3+)} 38. Re5+ Kd6 39. Rxe3 Ng2+ {[%mdl 64] [#] Double Attack} 40. Kf2 Nxe3 41. Kxf3 {[%mdl 4096] Endgame KN-KP} Nc4 42. a4 Kd5 43. h4 Kxd4 44. b4 Ne5+ 45. Kg3 Ke4 46. b5 Nc4 {Weighted Error Value: White=0.52/Black=0.19} 0-1

[Event "Kazakhstan Cup Women 2020"]
[Site "Almaty"]
[Date "2020.12.11"]
[Round "1.2"]
[White "Kurmangaliyeva, Liya"]
[Black "Abdumalik, Zhansaya"]
[Result "0-1"]
[WhiteElo "1974"]
[BlackElo "2478"]
[Annotator "TA"]
[PlyCount "72"]
[EventDate "2020.12.01"]
[EventType "tourn"]
[EventCountry "KAZ"]
[SourceTitle "playchess.com"]
[Source "ChessBase"]
[SourceQuality "1"]

{[%evp 18,72,0,0,0,0,0,0,16,14,14,4,19,0,0,0,0,0,0,-23,-31,-41,-41,-27,-23,-48,-44,-97,-89,-108,-91,-90,-91,-92,-92,-127,-93,-90,-62,-143,-143,-131,-143,-144,-144,-142,-150,-167,-167,-649,-649,-649,-649,-772,-797,-784,-427]} 1. e4 e5 2. Nf3 Nc6 3. Bb5 a6 4. Ba4 Nf6 5. O-O Be7 6. d3 b5 7. Bb3 d6 8. a3 O-O 9. Nc3 Bg4 10. Be3 Nd4 {C84: Closed Ruy Lopez: Unusual White 6th moves.} 11. Bxd4 exd4 12. Nd5 c5 {The position is equal. 12...Nxd5 is setting a new trend.} 13. Nxf6+ Bxf6 14. Bd5 Rb8 15. h3 Be6 {[#]} 16. Nd2 $146 ({Predecessor:} 16. a4 Qc8 17. Bxe6 fxe6 18. axb5 axb5 19. Ra5 e5 20. Qa1 Bd8 21. Ra7 Bb6 22. Ra6 {1-0 (59) Abbas,D (2274)-Okhai,S (2064) Wakefield 2016}) 16... Bxd5 17. exd5 g6 18. b3 Bg7 19. a4 Qg5 20. axb5 axb5 21. Ra6 Qxd5 22. Ne4 (22. Qf3 $15 Qe5 23. Qe4) 22... f5 $17 23. Ng5 h6 24. Nf3 Ra8 25. Rxa8 Rxa8 26. Re1 Kf7 27. Qd2 g5 28. h4 (28. b4 $1 $15) 28... g4 $36 {[%mdl 2048] Black is on the roll.} 29. Nh2 Bf6 30. Qxh6 {[#] Threatens to win with Qh5+.} Rh8 31. Qf4 Rxh4 32. Ra1 Kg6 33. Qg3 $2 {[#]} (33. Qd2) 33... f4 $1 $19 {[%mdl 512] Black is clearly winning.} 34. Qxf4 Be5 35. Qf8 Rxh2 {[%csl Gh2][%cal Rd5g2]} 36. Qe8+ Qf7 {Weighted Error Value: White=0.45/Black=0.06} 0-1

[Event "Kazakhstan Cup Women 2020"]
[Site "Almaty"]
[Date "2020.12.11"]
[Round "1.3"]
[White "Kamalidenova, Meruert"]
[Black "Balabayeva, Xeniya"]
[Result "0-1"]
[WhiteElo "2231"]
[BlackElo "2146"]
[Annotator "TA"]
[PlyCount "96"]
[EventDate "2020.12.01"]
[EventType "tourn"]
[EventCountry "KAZ"]
[SourceTitle "playchess.com"]
[Source "ChessBase"]
[SourceQuality "1"]

{[%evp 14,96,24,10,42,38,23,33,26,-4,4,-26,26,10,85,72,83,72,81,83,97,81,78,82,85,25,37,24,10,9,15,17,17,10,20,16,12,12,20,31,34,6,7,7,10,3,3,9,10,11,21,10,5,7,10,0,0,0,0,-14,0,0,0,0,0,0,0,0,0,-13,-13,-13,-13,-543,-547,-540,-529,-5816,-6127,-6087,-6440,-29984,-29984,-29989,-29989]} 1. e4 e6 2. d4 d5 3. Nc3 Nf6 4. Bg5 dxe4 5. Nxe4 Nbd7 6. Nxf6+ Nxf6 7. Nf3 h6 8. Be3 {is recently more successful than 8.Bh4.} Be7 {C10: French with 3 Nc3: Unusual Black 3rd moves and 3...dxe4.} 9. Ne5 O-O {[#]} 10. Bd3 $146 ({Predecessor:} 10. Qf3 Qd5 11. Qh3 Ne4 12. Bd3 Ng5 13. Qh5 c5 14. c3 cxd4 15. cxd4 Bf6 16. Qe2 {0-1 (30) Skripchenko,A (2459)-Jasim,A (2340) Caleta 2005}) 10... c5 {White is slightly better.} 11. dxc5 Qc7 12. Ng4 Nxg4 (12... Nd5 $142) 13. Qxg4 $11 f5 (13... Bxc5 $11 {keeps the balance.} 14. Bxc5 Qxc5) 14. Qc4 $16 Bd7 15. O-O-O Rac8 16. Rhe1 Bxc5 17. Bxc5 Qxc5 18. Qxc5 Rxc5 19. f4 ({Better is} 19. Bc4 $16) 19... Rfc8 20. c3 R8c7 21. Bc2 Kf7 22. Bb3 Ke7 23. Re3 a5 24. a3 b5 25. Rd4 Rb7 26. Kd2 Rbc7 27. h3 g5 28. g3 R7c6 29. Red3 Be8 30. Ba2 {And now b4 would win.} Rc7 31. Re3 Bd7 32. g4 (32. h4 {seems wilder.} g4 33. b4 R5c6 34. Bb3 Ra7 35. Rd5) 32... gxf4 33. Rxf4 {Hoping for gxf5.} Kf6 34. gxf5 Rxf5 35. Rxf5+ exf5 $11 {[%mdl 4096] Endgame KRB-KRB} 36. Ke2 Bc6 37. Re6+ Kg5 38. Ke3 Be4 39. h4+ {[%mdl 64] [#] Decoy} Kxh4 40. Rxh6+ Kg5 41. Rd6 Re7 {...Bd5+ is the strong threat.} 42. Re6 Rd7 {Threatens to win with ...Rd3+.} 43. Re5 $2 {[%mdl 8192] [#] White does not recover from this.} (43. Rxe4 $11 {and White has nothing to worry.} fxe4 44. Bb1) 43... Rd3+ $1 $19 44. Ke2 Rh3 45. a4 Kf4 46. Re7 Rh2+ 47. Kf1 Ke3 {[%cal Rh2h1]} 48. Rg7 Rxb2 {Weighted Error Value: White=0.56/Black=0.08} 0-1

[Event "Kazakhstan Cup Women 2020"]
[Site "Almaty"]
[Date "2020.12.11"]
[Round "1.4"]
[White "Serikbay, Assel"]
[Black "Dauletova, Gulmira"]
[Result "0-1"]
[WhiteElo "2247"]
[BlackElo "2319"]
[Annotator "TA"]
[PlyCount "120"]
[EventDate "2020.12.01"]
[EventType "tourn"]
[EventCountry "KAZ"]
[SourceTitle "playchess.com"]
[Source "ChessBase"]
[SourceQuality "1"]

{[%evp 15,120,28,28,27,27,27,27,30,21,32,28,25,33,13,18,15,15,17,21,0,0,-9,-9,-7,-6,-43,-24,-56,-44,-50,-33,-83,-92,-109,0,0,0,0,0,0,0,0,0,0,311,0,0,0,0,-53,0,-155,-149,-106,-74,-153,-168,-271,-64,-277,-116,-433,-433,-438,-107,-243,-245,-245,-245,-387,-366,-567,-560,-539,-460,-1052,-483,-726,-712,-583,-520,-29977,-29978,-29978,-29979,-29979,-29978,-29975,-29979,-29979,-29978,-29980,-29977,-29983,-29984,-29985,-29983,-29983,-29984,-29984,-29985,-29988,-29989,-29990,-29991,-29993,-29994]} 1. d4 Nf6 2. c4 e6 3. g3 d5 4. Nf3 dxc4 5. Bg2 a6 6. O-O Nc6 7. e3 Bd7 {7...Rb8 is the hot move.} 8. Qe2 b5 9. b3 {E04: Open Catalan: 5 Nf3.} cxb3 10. axb3 Be7 11. Bb2 {White has an edge.} O-O 12. Rc1 Nb4 13. Ne5 Nfd5 14. Nc3 {[%cal Bb1c3,Bc3e4,Be4c5][%mdl 1056] White has compensation.} c6 15. Ne4 a5 16. Nc5 {[#]} Be8 $146 ({Predecessor:} 16... Bxc5 17. Rxc5 f6 18. Nxd7 Qxd7 19. e4 Ne7 20. Rcc1 f5 21. Re1 Rfe8 22. Bc3 fxe4 23. Qxe4 {½-½ (48) Kudryavtsev,Y (2033)-Salvatore,C (2242) LSS email 2013}) 17. e4 Nc7 $1 18. Bc3 Bxc5 19. dxc5 f6 20. Ng4 e5 21. Ne3 Bg6 22. h4 Qe8 23. Bf3 Bf7 24. Ra3 Qe7 ({Better is} 24... Ne6 $1 $17 25. Nf5 Na6 26. Bxa5 Naxc5) 25. Nf5 $1 $11 {[%cal Rf5e7]} Qxc5 26. Bd2 Qb6 27. Bxb4 axb4 28. Rxa8 $1 Rxa8 {[#]} 29. Rxc6 $1 {[%mdl 512]} Qa5 $2 {[%mdl 8192]} (29... Qa7 $11) (29... Qxc6 30. Ne7+) 30. Qc2 $2 (30. Bh5 $1 $18 {[%cal Rh5f7]} Bg6 31. Ne7+ Kf7 32. Bxg6+ hxg6 33. Qd3) 30... Ne6 31. Kg2 Rd8 32. Rd6 (32. Bg4 $11 Nd4 33. Nxd4 exd4 34. Rc8) 32... Nd4 (32... Rxd6 $15 33. Nxd6 Qc7) 33. Ne7+ $2 (33. Qc5 $11 Nxf3 34. Kxf3) 33... Kh8 $1 $17 34. Qc5 {Threatens to win with Qa7!} h6 $36 {[%mdl 2048] Black is on the roll.} ({Don't blunder} 34... Bxb3 $2 35. Qa7 $1 $18 {[%mdl 512]}) 35. Rxd8+ (35. Nc6 $142 Nxc6 36. Rxc6 Bxb3 37. Rc7) 35... Qxd8 36. Qxb4 (36. Bg4 $142) 36... Bxb3 $2 ({Black should try} 36... Nxf3 $19 37. Kxf3 Qd3+ 38. Kg2 Bxb3 39. Ng6+ Kh7 40. Nf8+ Kg8) 37. Bg4 $2 {[#]} (37. Bh5 $1 $15) 37... Bf7 (37... Qa8 $1 $19 {[%cal Ra8e4] is more deadly.} 38. Qe1 Bc4) 38. h5 $2 {[%mdl 8192]} (38. Bf5 $17) 38... Qa8 $19 39. f3 Qe8 $2 (39... Qa2+ $19 40. Kh1 Qc4) 40. Qd6 (40. Qc5 $17 {was forced.}) 40... Kh7 ({Avoid the trap} 40... Bxh5 $2 41. Bxh5 Qa8 42. Bf7 $18) 41. Nf5 Bxh5 42. Nxd4 (42. Bxh5 $142 Nxf5 43. exf5 Qxh5 44. Qd7) 42... Bxg4 (42... exd4 43. Bxh5 Qxh5 44. Qxd4 $19) 43. fxg4 (43. Nc2 $142 Bh3+ 44. Kf2) 43... exd4 44. Qxd4 {[%mdl 4096] Endgame KQ-KQ} Qe6 45. Kf3 (45. Qe3 $142 Qc4 46. g5) 45... Qc4 (45... Qb3+ $142 46. Kf2 b4) 46. Qd7 (46. Qd5 $142 Qf1+ 47. Ke3) 46... b4 {[%cal Bb5b4,Bb4b3][%mdl 32] ...b3 is the strong threat.} 47. g5 hxg5 {And now ...b3 would win.} 48. Qe8 (48. Qf5+ $19 Kg8 49. Qd7 Qf1+ 50. Ke3) 48... Qd3+ {Black mates.} 49. Kf2 Qd2+ 50. Kf3 Qd1+ 51. Ke3 b3 52. Qb5 Qe1+ 53. Kf3 Qc3+ 54. Kf2 Qd4+ 55. Kf3 {[#]} g4+ $1 {[%mdl 64] Deflection, Decoy} 56. Kxg4 Qxe4+ 57. Kh3 f5 {[%cal Re4h1]} 58. Kh2 Qc2+ 59. Kh3 b2 60. Qe8 Qd1 {Weighted Error Value: White=0.81/Black=0.42} 0-1

[Event "Kazakhstan Cup Women 2020"]
[Site "Almaty"]
[Date "2020.12.11"]
[Round "1.5"]
[White "Kairbekova, Amina"]
[Black "Nurmanova, Alua"]
[Result "1-0"]
[WhiteElo "2065"]
[BlackElo "2026"]
[Annotator "TA"]
[PlyCount "81"]
[EventDate "2020.12.01"]
[EventType "tourn"]
[EventCountry "KAZ"]
[SourceTitle "playchess.com"]
[Source "ChessBase"]
[SourceQuality "1"]

{[%evp 12,81,13,0,37,0,0,0,17,22,12,14,27,-19,25,29,53,34,37,20,14,0,19,-18,-14,-47,-58,-59,-28,-105,-89,-105,-94,-114,-41,-38,0,0,0,33,39,27,68,0,441,83,84,103,92,94,90,88,417,152,698,692,706,670,756,753,741,720,684,667,658,577,681,0,655,660,1496,1463]} 1. e4 c5 2. Nf3 d6 3. d4 cxd4 4. Nxd4 Nf6 5. Nc3 a6 6. h3 e5 7. Nb3 Nbd7 {B90: Sicilian Najdorf: Unusual White 6th moves, 6 Be3 Ng4 and 6 Be3 e5.} 8. g4 h6 $1 9. a4 b6 {The position is equal.} 10. Be3 Bb7 11. Bg2 Rc8 {[#]} 12. Nd5 $146 ({Predecessor:} 12. Qe2 Qc7 13. O-O-O Qc4 14. Qxc4 Rxc4 15. f3 Be7 16. h4 h5 17. g5 Nh7 18. Bf1 {1-0 (34) Christiansen,J (2539)-Arsovic,G (2380) Skopje 2019}) 12... Bxd5 13. exd5 Qc7 14. O-O Be7 ({Not} 14... Qxc2 $2 15. Rc1 $18) 15. c4 a5 ({Wrong is} 15... Qxc4 $2 16. Rc1 $18) 16. Nd2 Nc5 17. Qb1 O-O 18. f4 exf4 19. Bxf4 Nh7 20. Nf3 (20. Bg3 $11) 20... Nb3 $17 {[%mdl 64] Discovered Attack} 21. Ra3 Qxc4 22. Be3 {Black must now prevent Qa2.} Nc5 ({Black should play} 22... b5 $17 {aiming for ...b4.} 23. axb5 Qxb5) 23. Nd4 $15 Bg5 (23... Bf6 $5 {[%cal Rf6d4]} 24. Nf5 Qb4 $11) 24. Nf5 $1 {[%cal Rf5d6]} Rcd8 25. Bxg5 hxg5 26. Re3 {Strongly threatening b3.} Qxa4 27. b3 $1 {[%cal Rb3a4]} Qb4 $2 {[%mdl 8192]} (27... Qa3 $11) 28. Qb2 $2 (28. Ne7+ $18 Kh8 29. Nc6) 28... f6 $16 29. Ne7+ Kh8 30. Nc6 $1 {[%csl LRb4,LRd8]} Qb5 {[#]} 31. Rfe1 $1 $36 {[%mdl 2048] Threatens to win with Bf1. White has strong initiative.} Nb7 $2 {[%mdl 8192]} (31... Nd7 $16 {is a better chance.}) 32. Nxd8 $2 (32. Qc2 $18 {and White stays clearly on top.}) 32... Rxd8 $2 (32... Nxd8 $16 33. Qc3 Nf7) 33. Re7 $18 {[%cal Be3e7,Be7b7,Bb7b6,Bb6c6,Bc6c8][%mdl 32]} Qb4 34. Qf2 Nf8 35. Rxb7 Ng6 36. Rxb6 Qc3 37. Rc6 Qxb3 38. Qc2 Qg3 {[#]} 39. Qf2 $2 ({Less strong is} 39. Qxg6 Qxe1+ 40. Bf1 Qe3+ 41. Kh1 Qe1 $18) (39. Re6 $1 $18 Ne5 40. Rc3) 39... Qa3 $2 {[%mdl 8192]} (39... Qb3 $11 40. Qb6 Qxb6+ 41. Rxb6 Kh7) 40. Rec1 Nf4 41. Rc8 {Weighted Error Value: White=0.45/Black=0.91} 1-0

[Event "Kazakhstan Cup Women 2020"]
[Site "Almaty"]
[Date "2020.12.12"]
[Round "2.1"]
[White "Nakhbayeva, Guliskhan"]
[Black "Nurmanova, Alua"]
[Result "1-0"]
[WhiteElo "2328"]
[BlackElo "2026"]
[Annotator "TA"]
[PlyCount "61"]
[EventDate "2020.12.01"]
[EventType "tourn"]
[EventCountry "KAZ"]
[SourceTitle "playchess.com"]
[Source "ChessBase"]
[SourceQuality "1"]

{[%evp 17,61,20,26,20,17,21,14,21,13,13,38,39,94,87,91,90,80,96,93,83,84,91,122,120,208,211,222,215,282,267,393,388,480,477,461,464,459,440,599,583,722,648,959,950,1139,1140]} 1. d4 Nf6 2. c4 g6 3. Nc3 Bg7 4. e4 d6 5. h3 O-O 6. Bg5 c5 7. d5 e6 8. Bd3 exd5 9. exd5 Nbd7 10. Nf3 {E71: King's Indian: 4 e4 d6 5 h3.} Re8+ 11. Kf1 Ne5 12. Nxe5 $1 {The position is equal.} Rxe5 13. Qd2 Bf5 (13... b5 $5) 14. Bxf5 Rxf5 {[#]} (14... gxf5 $14 15. g4 b5) 15. Re1 $146 ({Predecessor:} 15. f4 Rxg5 16. fxg5 Nh5 17. Ne2 Be5 18. g4 Ng3+ 19. Nxg3 Bxg3 20. Kg2 Bh4 21. Rhf1 Bxg5 {1-0 (55) Maka,M (2108)-Davymuka,R (2140) Lublin 2015}) 15... Qb6 {next ...Qb4 is good for Black.} 16. g4 Rxg5 17. Qxg5 Qxb2 18. Qc1 Qb4 {[#]} 19. Ne4 $1 Nd7 20. Nxd6 {Strongly threatening Qf4.} Ne5 (20... Be5 $16) 21. Qb1 $18 Qd2 22. Re2 (22. Qxb7 $6 Qd3+ 23. Kg2 (23. Kg1 Nf3+ {[%mdl 64] Double Attack} 24. Kg2 Nh4+ 25. Kg1 Nf3+ {[%mdl 64] Double Attack} 26. Kg2 Nh4+ 27. Kg1 Nf3+ $11 {[%mdl 64] Double Attack}) 23... Qf3+ 24. Kg1 Nd3 $16) 22... Qd4 {intending ...Rd8.} 23. Qe4 (23. Qxb7 Qd1+ 24. Re1 Qd3+ 25. Kg2 (25. Kg1 Nf3+ {[%mdl 64] Double Attack} 26. Kg2 Nh4+ 27. Kg1 Nf3+ {[%mdl 64] Double Attack} 28. Kg2 Nh4+ 29. Kg1 Nf3+ $11 {[%mdl 64] Double Attack}) 25... Qf3+ 26. Kg1 Nd3 $14) 23... Qc3 (23... Nd3 $142 24. Re3 (24. Nxb7 Rb8 $18) 24... Qf6 25. Rxd3 Qxd6) 24. Kg2 Rd8 25. f4 {White is clearly winning.} f5 26. Qe3 Qxe3 27. Rxe3 Nxc4 28. Nxc4 Rxd5 29. Rhe1 {[#] Re8+ is the strong threat.} h6 30. Re8+ Kh7 31. R1e7 {Black did not feel at home in the position after the opening.  Weighted Error Value: White=0.00/Black=0.41} 1-0

[Event "Kazakhstan Cup Women 2020"]
[Site "Almaty"]
[Date "2020.12.12"]
[Round "2.2"]
[White "Dauletova, Gulmira"]
[Black "Kairbekova, Amina"]
[Result "0-1"]
[WhiteElo "2319"]
[BlackElo "2065"]
[Annotator "RC"]
[PlyCount "168"]
[EventDate "2020.12.01"]
[EventType "tourn"]
[EventCountry "KAZ"]
[SourceTitle "playchess.com"]
[Source "ChessBase"]
[SourceQuality "1"]
[TimeControl "40/5400+30:1800+30"]

1. e4 {[%emt 0:02:50]} e6 {[%emt 0:00:00]} 2. d4 {[%emt 0:00:09]} d5 {[%emt 0:00:00]} 3. e5 {[%emt 0:00:32]} c5 {[%emt 0:00:00]} 4. c3 {[%emt 0:00:18]} Nc6 {[%emt 0:00:15]} 5. Nf3 {[%emt 0:00:26]} Bd7 {[%emt 0:00:19]} 6. Be2 {[%emt 0:00:21]} Nge7 {[%emt 0:00:39]} 7. O-O {[%emt 0:00:43]} Nf5 {[%emt 0:02:05]} 8. dxc5 {[%emt 0:00:25]} Bxc5 {[%emt 0:01:03]} 9. Bd3 {[%emt 0:00:24]} Nh4 {[%emt 0:00:23]} 10. Nbd2 {[%emt 0:00:15]} Ng6 {[%emt 0:00:08]} 11. Nb3 {[%emt 0:00:30]} Bb6 {[%emt 0:01:45]} 12. Re1 {[%emt 0:00:33]} O-O {[%emt 0:01:33]} 13. Nbd4 {[%emt 0:00:43]} Bc7 {[%emt 0:02:07]} 14. Nxc6 {[%emt 0:03:44]} Bxc6 {[%emt 0:06:22]} 15. Ng5 {[%emt 0:12:17]} Qe8 {[%emt 0:18:46]} 16. Qh5 {[%emt 0:16:38]} h6 {[%emt 0:00:09]} 17. Nf3 {[%emt 0:00:20]} f5 {[%emt 0:05:06]} 18. Qh3 {[%emt 0:15:55]} Ne7 {[%emt 0:07:44]} 19. Nd4 {[%emt 0:03:43]} Bd7 {[%emt 0:02:06]} 20. f4 {[%emt 0:04:56]} Bb6 {[%emt 0:00:22]} 21. Be3 {[%emt 0:00:10]} Bxd4 {[%emt 0:07:00]} 22. Bxd4 {[%emt 0:00:02]} b6 {[%emt 0:00:07]} 23. Bf2 {[%emt 0:03:21]} Bb5 {[%emt 0:03:19]} 24. Bc2 {[%emt 0:00:46]} Ba4 {[%emt 0:07:48]} 25. b3 {[%emt 0:00:09]} Bd7 {[%emt 0:02:15]} 26. a4 {[%emt 0:00:51]} Qc8 {[%emt 0:00:36]} 27. a5 {[%emt 0:02:34]} Qc7 {[%emt 0:02:25]} 28. axb6 {[%emt 0:02:29]} axb6 {[%emt 0:00:05]} 29. Qe3 {[%emt 0:00:17]} Rxa1 {[%emt 0:06:32]} 30. Rxa1 {[%emt 0:00:05]} Rc8 {[%emt 0:00:06]} 31. Be1 {[%emt 0:00:39]} Bb5 {[%emt 0:00:25]} 32. Bd1 {[%emt 0:02:05]} Qc5 {[%emt 0:07:45]} 33. Qxc5 {[%emt 0:01:57]} bxc5 {[%emt 0:00:31]} 34. Bf2 {[%emt 0:00:38]} Bd3 {[%emt 0:03:19]} 35. h3 {[%emt 0:06:32]} g5 {[%emt 0:02:09]} 36. g3 {[%emt 0:01:53]} gxf4 {[%emt 0:00:59]} 37. gxf4 {[%emt 0:00:03]} d4 {[%emt 0:00:10]} 38. c4 {[%emt 0:02:02]} Be4 {[%emt 0:02:51]} 39. Be1 {[%emt 0:12:50]} Nc6 {[%emt 0:00:53]} 40. Kf2 {[%emt 0:04:05]} Kf7 {[%emt 0:01:24]} 41. Kf1 {[%emt 0:11:47]} Rg8 {[%emt 0:03:42]} 42. Bh4 {[%emt 0:03:39]} Rb8 {[%emt 0:03:21]} 43. Ra6 {[%emt 0:03:50]} Ke8 {[%emt 0:01:42]} 44. Be1 {[%emt 0:04:20]} Kd7 {[%emt 0:00:38]} 45. Ra4 {[%emt 0:00:55]} Rg8 {[%emt 0:00:57]} 46. Ra2 {[%emt 0:00:05]} Bd3+ {[%emt 0:01:38]} 47. Kf2 {[%emt 0:00:25]} Bb1 {[%emt 0:00:22]} 48. Rb2 {[%emt 0:01:39]} Be4 {[%emt 0:00:30]} 49. Bf3 {[%emt 0:02:10]} Bxf3 {[%emt 0:03:06]} 50. Kxf3 {[%emt 0:00:01]} Rg1 {[%emt 0:00:00]} 51. Bd2 {[%emt 0:00:11]} Ra1 {[%emt 0:02:39]} 52. Kg3 {[%emt 0:01:52]} d3 {[%emt 0:02:01]} 53. Be3 {[%emt 0:00:46]} Nb4 {[%emt 0:00:16]} 54. Rd2 {[%emt 0:01:54]} Kc6 {[%emt 0:00:07]} 55. Kf3 {[%emt 0:03:10]} Rb1 {[%emt 0:04:55]} 56. Rg2 {[%emt 0:00:02]} Rxb3 {[%emt 0:01:20]} 57. Bd2 {[%emt 0:00:13]} Rb2 {[%emt 0:00:21]} 58. Ke3 {[%emt 0:00:10]} Rc2 {[%emt 0:06:50]} 59. Rg6 {[%emt 0:00:02]} Rxc4 {[%emt 0:00:26]} 60. Rxe6+ {[%emt 0:00:37]} Kb5 {[%emt 0:00:05]} 61. Bxb4 {[%emt 0:00:12]} cxb4 {[%emt 0:02:30]} 62. Kxd3 {[%emt 0:00:04]} b3 {[%emt 0:04:18]} 63. Re8 {[%emt 0:00:33]} Rxf4 {[%emt 0:00:34]} 64. e6 {[%emt 0:03:25]} Kc6 {[%emt 0:01:51]} 65. Kc3 {[%emt 0:00:37]} Rf3+ {[%emt 0:00:22]} 66. Kb2 {[%emt 0:00:28]} Kd6 {[%emt 0:00:47]} 67. h4 {[%emt 0:00:04]} f4 {[%emt 0:02:06]} 68. Rh8 {[%emt 0:01:01]} Kxe6 {[%emt 0:00:19]} 69. Rxh6+ {[%emt 0:00:02]} Kf5 {[%emt 0:00:20]} 70. Rh8 {[%emt 0:00:44]} Re3 {[%emt 0:01:11]} 71. Rf8+ {[%emt 0:00:21]} Kg4 {[%emt 0:00:31]} 72. h5 {[%emt 0:00:03]} Rh3 {[%emt 0:01:18]} 73. h6 {[%emt 0:00:03]} Rxh6 {[%emt 0:00:09]} 74. Kxb3 {[%emt 0:00:02]} Rc6 {[%emt 0:00:01]} 75. Kb4 {[%emt 0:01:16]} Kg3 {[%emt 0:00:59]} 76. Kb5 {[%emt 0:00:03]} Rc7 {[%emt 0:00:15]} 77. Kb6 {[%emt 0:00:33]} Rc3 {[%emt 0:01:02]} 78. Kb5 {[%emt 0:00:05]} f3 {[%emt 0:00:03]} 79. Kb4 {[%emt 0:00:13]} Rc7 {[%emt 0:00:07]} 80. Rg8+ {[%emt 0:00:36]} Kf2 {[%emt 0:00:04]} 81. Rf8 {[%emt 0:00:28]} Kg2 {[%emt 0:00:13]} 82. Rg8+ {[%emt 0:00:09]} Kf1 {[%emt 0:00:16]} 83. Rf8 {[%emt 0:00:06]} f2 {[%emt 0:00:12]} 84. Kb3 {[%emt 0:00:18]} Rg7 {[%emt 0:00:15]} 0-1